[Event "Warsaw Maciei Memorial"]
[Site "Warsaw"]
[Date "2022.07.08"]
[Round "6"]
[White "Kazmierowski, Tymon"]
[Black "Wasilewski, Bartlomiej"]
[Result "1-0"]
[WhiteElo "1961"]
[BlackElo "2063"]
[PlyCount "73"]
[EventDate "2022.07.08"]
[EventType "swiss (blitz)"]
[EventRounds "11"]
[EventCountry "POL"]
[SourceTitle "CBM 209 Extra"]
[Source "ChessBase"]
[SourceDate "2022.09.30"]
[SourceVersion "1"]
[SourceVersionDate "2022.09.30"]
[SourceQuality "1"]

1. d4 d6 2. Nf3 Bg4 3. e3 Nd7 4. Be2 Ngf6 5. 0-0 c6 6. b3 Qc7 7. Bb2 Rd8 8. Nbd2 e5 9. c4 e4 10. Ne1 Bxe2 11. Qxe2 d5 12. Rc1 Qb8 13. f3 Bd6 14. g3 exf3 15. Nexf3 0-0 16. e4 dxe4 17. Nxe4 Rfe8 18. Nxf6+ Nxf6 19. Ne5 a6 20. Qf3 Qa7 21. c5 Bc7 22. Rce1 Rf8 23. b4 Rd5 24. g4 Bxe5 25. dxe5 Nd7 26. Qc3 Nxc5 27. bxc5 Rxc5 28. Qe3 b6 29. Ba3 Rd5 30. Bxf8 Kxf8 31. e6 f6 32. e7+ Ke8 33. Qe6 b5+ 34. Kh1 Qb6 35. Qg8+ Kd7 36. e8Q+ Kd6 37. Qe7# 1-0

[Event "Mazowiec-chT 1718"]
[Site "Warsaw"]
[Date "2018.02.18"]
[Round "8.6"]
[White "Wasilewski, Bartlomiej"]
[Black "Golecki, Jan"]
[Result "1-0"]
[WhiteElo "2090"]
[BlackElo "1774"]
[PlyCount "63"]
[EventDate "2017.12.03"]
[EventType "team-tourn"]
[EventRounds "10"]
[EventCountry "POL"]
[SourceTitle "EXT 2020"]
[Source "ChessBase"]
[SourceDate "2019.10.17"]
[SourceVersion "1"]
[SourceVersionDate "2019.10.17"]
[SourceQuality "1"]

1. d4 d5 2. c4 e6 3. Nc3 Nf6 4. Bg5 Be7 5. cxd5 exd5 6. e3 Bf5 7. Bxf6 Bxf6 8. Qb3 c6 9. Qxb7 Qb6 10. Qxb6 axb6 11. a3 0-0 12. 0-0-0 Nd7 13. Bd3 Be6 14. Nge2 Rfc8 15. Nf4 c5 16. Nfxd5 Bxd5 17. Nxd5 cxd4+ 18. Kb1 dxe3 19. Nxe3 Nc5 20. Nd5 Rc6 21. Bb5 Rd6 22. Nxf6+ Rxf6 23. f3 g5 24. Rd5 h6 25. Rhd1 Ra5 26. Bc4 Rf4 27. Ba2 Kg7 28. b4 Rxa3 29. bxc5 Rb4+ 30. Ka1 Rc4 31. Kb2 Rca4 32. Bb3 1-0

[Event "Mazowiec-chT 1617"]
[Site "Warsaw"]
[Date "2017.01.08"]
[Round "3.11"]
[White "Wasilewski, Bartlomiej"]
[Black "Nowicki, Bartosz"]
[Result "0-1"]
[WhiteElo "2138"]
[BlackElo "2171"]
[PlyCount "64"]
[EventDate "2016.12.11"]
[EventType "team-tourn"]
[EventRounds "10"]
[EventCountry "POL"]
[SourceTitle "EXT 2019"]
[Source "ChessBase"]
[SourceDate "2018.10.10"]
[SourceVersion "1"]
[SourceVersionDate "2018.10.10"]
[SourceQuality "1"]

1. d4 f5 2. e4 fxe4 3. Nc3 Nf6 4. Bg5 Nc6 5. f3 e3 6. Bxe3 e6 7. Qd2 a6 8. Nge2 Bb4 9. a3 Be7 10. g4 0-0 11. Ng3 b5 12. g5 Ne8 13. Bd3 Rxf3 14. Be4 Rxe3+ 15. Qxe3 d5 16. Bg2 Bxg5 17. Qf2 Nf6 18. 0-0 Bd7 19. Rfe1 Qf8 20. Bh3 Qd6 21. Rad1 Rf8 22. Qe2 Re8 23. Kh1 Qf4 24. Qd3 Qh4 25. Kg2 Bf4 26. Nce2 Bd6 27. c3 g5 28. Ng1 g4 29. Bxg4 Nxg4 30. Nf3 Qh6 31. h3 Bxg3 32. hxg4 Bxe1 0-1

[Event "POL-chT Liga Mazowiecka 2006/07"]
[Site "Poland"]
[Date "2006.11.19"]
[Round "3.14"]
[White "Wasilewski, Bartlomiej"]
[Black "Lesniak, Marek"]
[Result "1-0"]
[WhiteElo "2119"]
[BlackElo "1975"]
[PlyCount "111"]
[EventDate "2006.10.22"]
[EventType "team-swiss"]
[EventRounds "9"]
[EventCountry "POL"]
[SourceTitle "EXT 2011"]
[Source "ChessBase"]
[SourceDate "2010.11.26"]
[SourceVersion "1"]
[SourceVersionDate "2010.11.26"]
[SourceQuality "1"]
[WhiteTeam "Grodzisk Polfa Mazowiecki II"]
[BlackTeam "Nasielsk Sparta"]
[WhiteTeamCountry "POL"]
[BlackTeamCountry "POL"]

1. e4 c5 2. Nc3 d6 3. f4 Nc6 4. Nf3 e6 5. Bb5 Bd7 6. d4 cxd4 7. Nxd4 Qh4+ 8. g3 Qd8 9. Be3 Nf6 10. Be2 Be7 11. 0-0 0-0 12. Qd2 a6 13. Rad1 Qc7 14. Bf3 Rac8 15. Qf2 b5 16. a3 Nxd4 17. Bxd4 Bc6 18. e5 Nd7 19. exd6 Bxd6 20. Bxc6 Qxc6 21. Bxg7 Bc5 22. Bd4 Nf6 23. Bxc5 Qxc5 24. Qxc5 Rxc5 25. Rd6 a5 26. Rb6 Rfc8 27. f5 Nd5 28. Nxd5 Rxd5 29. fxe6 fxe6 30. c3 e5 31. Rb7 Rf8 32. Re1 Rfd8 33. Re2 h5 34. Re7 b4 35. R7xe5 bxa3 36. bxa3 a4 37. Rxd5 Rxd5 38. Re4 Rd3 39. Rxa4 Rxc3 40. Ra5 Kg7 41. Rxh5 Rxa3 42. Kg2 Kg6 43. g4 Rb3 44. Rf5 Ra3 45. Rf3 Ra4 46. Kg3 Kg5 47. h4+ Kg6 48. Rb3 Kh6 49. Rb6+ Kg7 50. h5 Kh7 51. Kh4 Kg7 52. h6+ Kh7 53. Kh5 Ra5+ 54. g5 Ra1 55. g6+ Kg8 56. Rb8# 1-0

[Event "Torun-Bydgoszcz m"]
[Site "Przysiek"]
[Date "2005.12.04"]
[Round "?"]
[White "Wasilewski, Bartlomiej"]
[Black "Wisniewski, Przemyslaw"]
[Result "1/2-1/2"]
[WhiteElo "2105"]
[BlackElo "2162"]
[PlyCount "92"]
[EventDate "2005.12.04"]
[EventType "team"]
[EventRounds "1"]
[EventCountry "POL"]
[SourceTitle "EXT 2007"]
[Source "ChessBase"]
[SourceDate "2006.11.23"]
[SourceVersion "1"]
[SourceVersionDate "2006.11.23"]
[SourceQuality "1"]

1. e4 c5 2. Nc3 Nc6 3. f4 e6 4. Nf3 Nge7 5. d4 cxd4 6. Nxd4 Nxd4 7. Qxd4 Nc6 8. Qf2 Qa5 9. Bc4 Bb4 10. Bd2 0-0 11. Rd1 d5 12. exd5 exd5 13. Nxd5 Re8+ 14. Kf1 Bxd2 15. Rxd2 b5 16. Bb3 b4 17. h3 Be6 18. f5 Bxd5 19. Bxd5 Rad8 20. Bxc6 Qa6+ 21. Kg1 Qxc6 22. Rxd8 Rxd8 23. Kh2 Qc7+ 24. g3 Qe5 25. b3 h5 26. Re1 Qc3 27. h4 Rd2 28. Re2 Rd1 29. Qe3 Qxe3 30. Rxe3 Rd2+ 31. Kh3 Rxc2 32. Re8+ Kh7 33. Re7 Rxa2 34. Rxf7 Ra3 35. Rb7 a5 36. f6 Rxb3 37. Rxg7+ Kh6 38. Rg5 Rf3 39. Rxa5 Rxf6 40. Rb5 Re6 41. Rxb4 Rd6 42. Kg2 Rf6 43. Rf4 Ra6 44. Kf3 Re6 45. Re4 Rf6+ 46. Ke3 Rg6 1/2-1/2

[Event "Torun-ch"]
[Site "Torun"]
[Date "2003.04.11"]
[Round "8"]
[White "Szymczyk, Marek"]
[Black "Wasilewski, Bartlomiej"]
[Result "0-1"]
[WhiteElo "2000"]
[BlackElo "2117"]
[PlyCount "126"]
[EventDate "2003.??.??"]
[EventType "tourn"]
[EventRounds "11"]
[EventCountry "POL"]
[SourceTitle "EXT 2007"]
[Source "ChessBase"]
[SourceDate "2006.11.23"]
[SourceVersion "1"]
[SourceVersionDate "2006.11.23"]
[SourceQuality "1"]

1. Nf3 d6 2. d4 Bg4 3. e4 Nf6 4. Bd3 Nc6 5. c3 e5 6. d5 Ne7 7. h3 Bd7 8. Bg5 Ng6 9. c4 Be7 10. Nc3 0-0 11. Qd2 c6 12. 0-0 Nh5 13. Rfe1 Nhf4 14. Bxf4 Nxf4 15. Bf1 cxd5 16. Nxd5 Nxd5 17. Qxd5 Qc7 18. Rad1 Bc6 19. Qd3 a5 20. g4 g6 21. Bg2 Rad8 22. b3 Qc8 23. Nd2 Bg5 24. Nb1 f5 25. f3 h5 26. gxh5 gxh5 27. Nc3 f4 28. Nd5 Bd7 29. Qf1 Bh4 30. Re2 Kh8 31. Kh2 Be6 32. Red2 Rg8 33. Nb6 Qc5 34. Nd5 Rg6 35. Qg1 Qc8 36. Nb6 Qc7 37. Nd5 Qc6 38. Qf1 Rdg8 39. Rb2 Rxg2+ 40. Rxg2 Bg3+ 41. Rxg3 Rxg3 42. Ne7 Qd7 43. Nf5 Bxf5 44. exf5 Qxf5 45. Rxd6 Qc2+ 46. Kh1 e4 47. Rd8+ Kg7 48. Rd7+ Kf8 49. fxe4 Qxe4+ 50. Kh2 Qc2+ 51. Kh1 Qf5 52. Rd2 Rxh3+ 53. Rh2 Qe4+ 54. Kg1 Qe3+ 55. Kh1 Qe4+ 56. Kg1 Rg3+ 57. Rg2 Rxg2+ 58. Qxg2 Qxg2+ 59. Kxg2 h4 60. a3 b6 61. b4 axb4 62. axb4 Ke7 63. Kf3 h3 0-1

[Event "Torun-ch"]
[Site "Torun"]
[Date "2003.04.04"]
[Round "7"]
[White "Stolarczyk, Adam"]
[Black "Wasilewski, Bartlomiej"]
[Result "1-0"]
[WhiteElo "2091"]
[BlackElo "2117"]
[PlyCount "123"]
[EventDate "2003.??.??"]
[EventType "tourn"]
[EventRounds "11"]
[EventCountry "POL"]
[SourceTitle "EXT 2007"]
[Source "ChessBase"]
[SourceDate "2006.11.23"]
[SourceVersion "1"]
[SourceVersionDate "2006.11.23"]
[SourceQuality "1"]

1. e4 e5 2. Nf3 d6 3. d4 Nd7 4. Bc4 c6 5. dxe5 dxe5 6. 0-0 Be7 7. Be3 Ngf6 8. Nbd2 0-0 9. h3 Qc7 10. c3 Nc5 11. Qc2 Be6 12. Bxc5 Bxc5 13. Bxe6 fxe6 14. Nc4 Nd7 15. b4 Be7 16. Qb3 Rfe8 17. Rad1 Bf8 18. Rd2 b5 19. Ne3 Nf6 20. Ng5 Qc8 21. Rfd1 g6 22. Ng4 Nxg4 23. hxg4 Bh6 24. Rd8 Bxg5 25. Rxc8 Raxc8 26. Rd7 a6 27. c4 c5 28. g3 Re7 29. Rxe7 Bxe7 30. bxc5 Kf7 31. cxb5 axb5 32. Qxb5 Rxc5 33. Qb7 Ra5 34. Qb8 Rxa2 35. Qxe5 h6 36. Qc7 Re2 37. Qc4 Rd2 38. Kg2 Rd6 39. Qc3 Ra6 40. Kh3 Ra4 41. Qb3 Rd4 42. Qc3 Ra4 43. Qc6 Rd4 44. f4 Rd6 45. Qc4 Kg7 46. Qc3+ Kf7 47. Kg2 Rd7 48. Qc4 Rd6 49. Kf3 Kg7 50. e5 Rb6 51. Qc7 Rb3+ 52. Kg2 Kf7 53. Qc8 Rb5 54. Qh8 h5 55. Qh7+ Kf8 56. Qxg6 Rb2+ 57. Kh3 hxg4+ 58. Kxg4 Rb6 59. Kh5 Bc5 60. Qh7 Ke8 61. Kg6 Bf2 62. Qc7 1-0

[Event "Torun-Bydgoszcz"]
[Site "Torun"]
[Date "2001.12.09"]
[Round "1"]
[White "Wasilewski, Bartlomiej"]
[Black "Mazalon, Mariusz"]
[Result "1-0"]
[WhiteElo "2142"]
[BlackElo "2188"]
[PlyCount "89"]
[EventDate "2001.12.09"]
[EventType "team-match"]
[EventRounds "1"]
[EventCountry "POL"]
[SourceTitle "EXT 2018"]
[Source "ChessBase"]
[SourceDate "2017.10.13"]
[SourceVersion "1"]
[SourceVersionDate "2017.10.13"]
[SourceQuality "1"]

1. e4 c5 2. Nc3 a6 3. g3 b5 4. Bg2 Bb7 5. d3 e6 6. f4 Nf6 7. Nf3 d5 8. e5 Nfd7 9. Qe2 Nc6 10. 0-0 Qc7 11. f5 0-0-0 12. Bf4 Be7 13. fxe6 fxe6 14. Nxd5 exd5 15. e6 Bd6 16. Bxd6 Qxd6 17. exd7+ Qxd7 18. Ng5 Rde8 19. Qd2 Kb8 20. Rf7 Re7 21. Qf4+ Ka8 22. Rxe7 Qxe7 23. Bxd5 Nd4 24. Qe4 Qxe4 25. Bxe4 Nxc2 26. Rc1 Nb4 27. Rxc5 Bxe4 28. dxe4 Re8 29. Nxh7 Rxe4 30. Rg5 Re2 31. Rxg7 Rxb2 32. g4 Nxa2 33. g5 b4 34. g6 Rc2 35. Rg8+ Kb7 36. g7 Nc1 37. Re8 b3 38. g8Q b2 39. Qd5+ Kb6 40. Re6+ Kc7 41. Qd6+ Kc8 42. Re8+ Kb7 43. Re7+ Kc8 44. Qd7+ Kb8 45. Qb7# 1-0

[Event "POL-ch U18"]
[Site "Zakopane"]
[Date "2001.01.23"]
[Round "8"]
[White "Wasilewski, Bartlomiej"]
[Black "Owczarzak, Jerzy"]
[Result "1/2-1/2"]
[WhiteElo "2139"]
[BlackElo "2311"]
[PlyCount "29"]
[EventDate "2001.01.16"]
[EventType "swiss"]
[EventRounds "11"]
[EventCountry "POL"]
[SourceTitle "EXT 2002"]
[Source "ChessBase"]
[SourceDate "2001.11.25"]
[SourceVersion "1"]
[SourceVersionDate "2001.11.25"]
[SourceQuality "1"]

1. e4 e6 2. d4 d5 3. e5 c5 4. c3 Qb6 5. Nf3 Nc6 6. Be2 cxd4 7. cxd4 Nge7 8. Na3 Nf5 9. Nc2 Be7 10. 0-0 Bd7 11. b4 a5 12. g4 Nh4 13. Nxh4 Bxh4 14. b5 Nb4 15. Nxb4 1/2-1/2

[Event "POL-ch U18"]
[Site "Zakopane"]
[Date "2001.01.17"]
[Round "2"]
[White "Wasilewski, Bartlomiej"]
[Black "Tomczak, Rafal"]
[Result "1/2-1/2"]
[WhiteElo "2139"]
[BlackElo "2314"]
[PlyCount "93"]
[EventDate "2001.01.16"]
[EventType "swiss"]
[EventRounds "11"]
[EventCountry "POL"]
[SourceTitle "EXT 2002"]
[Source "ChessBase"]
[SourceDate "2001.11.25"]
[SourceVersion "1"]
[SourceVersionDate "2001.11.25"]
[SourceQuality "1"]

1. e4 c5 2. Nc3 Nc6 3. f4 g6 4. Nf3 Bg7 5. Bb5 Nd4 6. Nxd4 cxd4 7. Ne2 a6 8. Bd3 d5 9. e5 f6 10. exf6 Nxf6 11. Nxd4 Ng4 12. c3 e5 13. f5 Nf6 14. Ne6 Bxe6 15. fxe6 0-0 16. 0-0 Qb6+ 17. Kh1 Rae8 18. Qb3 Qa7 19. e7 Rxe7 20. Be2 Ref7 21. d3 Ng4 22. Rxf7 Rxf7 23. h3 Nf2+ 24. Kh2 Qc5 25. Bg5 e4 26. d4 Qd6+ 27. g3 Qe6 28. Bf1 Bf8 29. Bf4 g5 30. Be5 Bg7 31. Bb8 Qd7 32. g4 h5 33. gxh5 g4 34. h4 Rf3 35. Bg3 Bf8 36. Qb6 Bg7 37. Bg2 Rf6 38. Qb3 Qf7 39. Rf1 Nd3 40. Rxf6 Bxf6 41. Qb6 Qe7 42. Qb3 Qf7 43. h6 Bxh4 44. Bxh4 Qf4+ 45. Kg1 Qe3+ 46. Kh2 Qf4+ 47. Kg1 1/2-1/2

[Event "POL-ch U16"]
[Site "Wisla"]
[Date "2000.??.??"]
[Round "9"]
[White "Bartel, Mateusz"]
[Black "Wasilewski, Bartlomiej"]
[Result "1-0"]
[WhiteElo "2325"]
[BlackElo "2000"]
[PlyCount "111"]
[EventDate "2000.02.26"]
[EventType "swiss"]
[EventRounds "10"]
[EventCountry "POL"]
[SourceTitle "EXT 2005"]
[Source "ChessBase"]
[SourceDate "2004.11.15"]
[SourceVersion "1"]
[SourceVersionDate "2004.11.15"]
[SourceQuality "1"]

1. e4 e6 2. d4 d5 3. Nc3 Nf6 4. Bg5 Be7 5. e5 Nfd7 6. Bxe7 Qxe7 7. f4 a6 8. Nf3 c5 9. Qd2 Nc6 10. dxc5 Nxc5 11. Bd3 b5 12. 0-0 b4 13. Ne2 Nxd3 14. cxd3 Bd7 15. Rac1 0-0 16. Rc2 Na7 17. Ned4 Rfc8 18. Rfc1 Rxc2 19. Rxc2 Rc8 20. Rxc8+ Bxc8 21. Qc2 Kf8 22. Kf2 h6 23. Nc6 Qc7 24. Qc5+ Ke8 25. Nfd4 Nxc6 26. Qxc6+ Kd8 27. Ke3 Bb7 28. Qxc7+ Kxc7 29. Nc2 a5 30. Kd4 Kc6 31. b3 Bc8 32. g4 Bd7 33. h4 f5 34. gxf5 exf5 35. Ne3 Be6 36. h5 Kd7 37. Nxd5 Bf7 38. Nb6+ Kc7 39. Nd5+ Kd7 40. Ne3 Ke6 41. Nc4 Bxh5 42. Nxa5 Be8 43. Nb7 g5 44. Nc5+ Ke7 45. Ke3 Bb5 46. d4 g4 47. Kf2 h5 48. Kg3 Be2 49. d5 Bb5 50. d6+ Ke8 51. Ne6 Bd3 52. Ng7+ Kd7 53. Nxh5 Bb1 54. Nf6+ Ke6 55. d7 Ke7 56. e6 1-0

[Event "POL-ch U16"]
[Site "Wisla"]
[Date "2000.??.??"]
[Round "3"]
[White "Rudnicki, Milosz"]
[Black "Wasilewski, Bartlomiej"]
[Result "0-1"]
[WhiteElo "2058"]
[BlackElo "2000"]
[PlyCount "72"]
[EventDate "2000.02.26"]
[EventType "swiss"]
[EventRounds "10"]
[EventCountry "POL"]
[SourceTitle "EXT 2005"]
[Source "ChessBase"]
[SourceDate "2004.11.15"]
[SourceVersion "1"]
[SourceVersionDate "2004.11.15"]
[SourceQuality "1"]

1. e4 e6 2. d4 d5 3. Nc3 Nf6 4. Bg5 Be7 5. e5 Nfd7 6. Bxe7 Qxe7 7. f4 a6 8. Nf3 c5 9. Ne2 cxd4 10. Nexd4 Nc6 11. c3 Nc5 12. Be2 Bd7 13. 0-0 0-0 14. Kh1 b5 15. Rc1 Rfc8 16. Bd3 Nxd3 17. Qxd3 Nxd4 18. cxd4 g6 19. Ng5 h6 20. Nh3 Qb4 21. b3 Rxc1 22. Rxc1 Rc8 23. Rxc8+ Bxc8 24. g3 Qe1+ 25. Kg2 Bd7 26. Nf2 h5 27. g4 h4 28. g5 b4 29. Qxa6 h3+ 30. Kf3 Qg1 31. Nxh3 Qxd4 32. Nf2 Qc3+ 33. Qd3 Bb5 34. Qe3 d4 35. Nd1 Qc6+ 36. Qe4 Be2+ 0-1

[Event "POL-ch U16"]
[Site "Wisla"]
[Date "2000.??.??"]
[Round "1"]
[White "Wasilewski, Bartlomiej"]
[Black "Debowiak, Marcin"]
[Result "0-1"]
[WhiteElo "2000"]
[BlackElo "2114"]
[PlyCount "132"]
[EventDate "2000.02.26"]
[EventType "swiss"]
[EventRounds "10"]
[EventCountry "POL"]
[SourceTitle "EXT 2005"]
[Source "ChessBase"]
[SourceDate "2004.11.15"]
[SourceVersion "1"]
[SourceVersionDate "2004.11.15"]
[SourceQuality "1"]

1. e4 e6 2. d4 d5 3. e5 c5 4. c3 Nc6 5. Nf3 Qb6 6. Be2 cxd4 7. cxd4 Nh6 8. b3 Nf5 9. Bb2 Bb4+ 10. Kf1 0-0 11. g4 Nh6 12. Rg1 Kh8 13. Na3 f6 14. Nc2 Be7 15. exf6 gxf6 16. Qd2 Nf7 17. Rd1 a5 18. Rg3 Ng5 19. Nxg5 fxg5 20. Ba3 Nb4 21. Ne1 e5 22. Rf3 Rxf3 23. Nxf3 e4 24. Nxg5 Qf6 25. Bc1 Bd7 26. Qf4 Nxa2 27. Qxf6+ Bxf6 28. Nf7+ Kg7 29. Ne5 Bxe5 30. dxe5 Nc3 31. Rd4 Nxe2 32. Kxe2 Bxg4+ 33. Ke3 Be6 34. f3 exf3 35. Kxf3 Rc8 36. Bd2 b6 37. h4 h5 38. Kf4 Kg6 39. Rd3 Rf8+ 40. Kg3 Rc8 41. Kf4 a4 42. bxa4 Rc4+ 43. Kg3 Rg4+ 44. Kf3 Rxh4 45. Be3 Rxa4 46. Bxb6 Kf5 47. Re3 h4 48. Bc7 Rf4+ 49. Kg2 d4 50. Re1 Kg4 51. Rd1 h3+ 52. Kg1 Kf3 53. Bb6 Ke3 54. Ba7 Bg4 55. Ra1 Ke2 56. Ra2+ Kd3 57. Ra1 Kc3 58. Ra4 Bd7 59. Ra3+ Kc4 60. Ra2 d3 61. e6 Rg4+ 62. Kh2 Bxe6 63. Rd2 Re4 64. Kg3 Kc3 65. Rd1 d2 66. Bb8 Kc2 0-1

[Event "POL-chT2 U18"]
[Site "Augustow"]
[Date "1996.??.??"]
[Round "?"]
[White "Wasilewski, Bartlomiej"]
[Black "Moldawski, Tomasz"]
[Result "1/2-1/2"]
[WhiteElo "1940"]
[BlackElo "1800"]
[PlyCount "81"]
[EventDate "1996.??.??"]
[EventType "team"]
[EventRounds "10"]
[EventCountry "POL"]
[SourceTitle "EXT 2003"]
[Source "ChessBase"]
[SourceDate "2002.11.25"]
[SourceVersion "1"]
[SourceVersionDate "2002.11.25"]
[SourceQuality "1"]

1. e4 c5 2. b3 Nf6 3. Nc3 d6 4. f4 Nc6 5. Nf3 a6 6. a4 Bg4 7. Be2 e6 8. 0-0 d5 9. e5 d4 10. exf6 dxc3 11. fxg7 Bxg7 12. d3 Qd7 13. Be3 Nd4 14. Nxd4 cxd4 15. Bxg4 dxe3 16. Qe2 0-0-0 17. f5 Bd4 18. Rf4 Qd6 19. Raf1 e5 20. R4f3 f6 21. Rh3 Rhg8 22. Bf3 Qd7 23. Be4 Rg7 24. Kh1 Rdg8 25. Rg1 Rg5 26. Rf1 Kb8 27. Ra1 a5 28. Rh6 Qg7 29. Rh3 h6 30. Rh4 Rg4 31. Rxg4 Qxg4 32. Qxg4 Rxg4 33. g3 Kc7 34. Kg2 b6 35. Kf3 Rg7 36. Ba8 Kd6 37. Be4 Kc5 38. Ba8 Rg8 39. Be4 Rg5 40. Ra2 Rg7 41. Ba8 1/2-1/2